LAPORAN BERSEPADU PROJEK SURVEI GEOKIMIA RANTAU SARAWAK / (Record no. 27243)

000 -LEADER
fixed length control field 01072nam a22002177a 4500
001 - CONTROL NUMBER
control field 2855
003 - CONTROL NUMBER IDENTIFIER
control field OSt
005 - DATE AND TIME OF LATEST TRANSACTION
control field 20260430112759.0
008 - FIXED-LENGTH DATA ELEMENTS--GENERAL INFORMATION
fixed length control field 260430b ||||| |||| 00| 0 eng d
040 ## - CATALOGING SOURCE
Original cataloging agency JMG BPT
Transcribing agency JABATAN MINERAL DAN GEOSAINS
082 ## - DEWEY DECIMAL CLASSIFICATION NUMBER
Classification number 551.959522 HIL
100 ## - MAIN ENTRY--PERSONAL NAME
Personal name HILLARY MUYAN NICHOLAS THOMAS
245 ## - TITLE STATEMENT
Title LAPORAN BERSEPADU PROJEK SURVEI GEOKIMIA RANTAU SARAWAK /
Statement of responsibility, etc. HILLARY MUYAN NICHOLAS THOMAS, DORANI BIN JOHARI
250 ## - EDITION STATEMENT
Edition statement NO LAPORAN GSKL 137/1/7
264 ## - PRODUCTION, PUBLICATION, DISTRIBUTION, MANUFACTURE, AND COPYRIGHT NOTICE
Place of production, publication, distribution, manufacture MINERAL AND GEOSCIENCE DEPARTMENT PENINSULAR MALAYSIA/SABAH/SARAWAK
Name of producer, publisher, distributor, manufacturer JABATAN MINERAL DAN GEOSAINS MALAYSIA SARAWAK
Date of production, publication, distribution, manufacture, or copyright notice 2000
300 ## - PHYSICAL DESCRIPTION
Extent 1 v.(various pagings)
Other physical details col.maps.photos
Dimensions 30 cm
520 ## - SUMMARY, ETC.
Summary, etc. Objektif Projek ini adalah untuk menghasilkan sebuah peta atlas geokimia sarawak dengan mengariskan kawasan yang berpotensi bagi endapan-endapan mineral di samping bertindak sebagai maklumat asas untuk eksplorasi lanjutan , khususnya bagi sumber mineral berlogam.
650 ## - SUBJECT ADDED ENTRY--TOPICAL TERM
Topical term or geographic name entry element Geochemical
Geographic subdivision Sarawak
700 ## - ADDED ENTRY--PERSONAL NAME
Personal name Hillary Muyan Nicholas Thomas
Dates associated with a name Dorani bin Johari
942 ## - ADDED ENTRY ELEMENTS (KOHA)
Source of classification or shelving scheme
Koha item type Reports
Holdings
Withdrawn status Lost status Source of classification or shelving scheme Damaged status Not for loan Collection code Permanent Location Current Location Shelving location Date acquired Total Checkouts Full call number Date last seen Copy number Price effective from Koha item type
Available       Staff Collection Field Report BPT BPT Field Report 30/04/2026   551.9595 HIL 2000 30/04/2026 1 30/04/2026 Reports
Available       Staff Collection Field Report BPT BPT Field Report 30/04/2026   551.9595 HIL 2000 30/04/2026 2 30/04/2026 Reports